KOHA-Header-6

Object -Oriented Software Engineering (Record no. 389)

000 -LEADER
fixed length control field 00357nam a2200121Ia 4500
008 - FIXED-LENGTH DATA ELEMENTS--GENERAL INFORMATION
fixed length control field 190722s9999 xx 000 0 und d
020 ## - INTERNATIONAL STANDARD BOOK NUMBER
International Standard Book Number 978-93-325-1868-1
100 ## - MAIN ENTRY--PERSONAL NAME
Personal name Bruegge, Dutoit
245 #0 - TITLE STATEMENT
Title Object -Oriented Software Engineering
260 ## - PUBLICATION, DISTRIBUTION, ETC. (IMPRINT)
Place of publication, distribution, etc New Delhi
Name of publisher, distributor, etc Pearson (Indian Ed.) Pvt. Ltd. Dorling Kindersley Pvt. Ltd.
Date of publication, distribution, etc 2014
300 ## - PHYSICAL DESCRIPTION
Extent 723
942 ## - ADDED ENTRY ELEMENTS (KOHA)
Koha item type Books
Holdings
Withdrawn status Lost status Source of classification or shelving scheme Damaged status Not for loan Collection code Permanent Location Current Location Shelving location Date acquired Total Checkouts Full call number Barcode Date last seen Date checked out Price effective from Koha item type
          Computer Science MAJU MAJU Shelf No.A32 2019-07-22 1 5.11 7015 2021-02-16 2019-09-18 2019-07-22 Computer Science

Powered by Koha